Festivals of India: (Record no. 216305)

MARC details
000 -LEADER
fixed length control field 00607nam a22002057a 4500
005 - DATE AND TIME OF LATEST TRANSACTION
control field 20260520123156.0
010 ## - LCCN (DPL NO)
LC control number ENG-148581
020 ## - INTERNATIONAL STANDARD BOOK NUMBER
International Standard Book Number 9789392066672
Terms of availability 895.00
035 ## - SYSTEM CONTROL NUMBER
System control number EN-132113
037 ## - SOURCE OF ACQUISITION
Source of stock number/acquisition DBAD
082 ## - DEWEY DECIMAL CLASSIFICATION NUMBER
Classification number 394.26954
Edition number 1
Item number 1
100 ## - MAIN ENTRY--PERSONAL NAME
Personal name Daljeet Kaur
245 ## - TITLE STATEMENT
Title Festivals of India:
Remainder of title A Kaeidoscope of Culture and Faith/
Statement of responsibility, etc Daljeet Kaur
250 ## - EDITION STATEMENT
Edition statement 1
260 ## - PUBLICATION, DISTRIBUTION, ETC. (IMPRINT)
Place of publication, distribution, etc New Delhi
Name of publisher, distributor, etc Raj Publications
Date of publication, distribution, etc 2024
270 ## - ADDRESS
Address 108, 4855/24,Ansari Road Daryaganj
City New Delhi
Postal code 110002
300 ## - PHYSICAL DESCRIPTION
Extent 271p.
Dimensions 22.cm (hb)
760 ## - MAIN SERIES ENTRY
Edition 1
942 ## - ADDED ENTRY ELEMENTS (KOHA)
Item type English Books
Classification part 394.86954
Source of classification or shelving scheme Dewey Decimal Classification
Call number suffix DAL
Edition 1
Holdings
Withdrawn status Lost status Not for loan Collection code Home library Current library Date acquired Source of acquisition Cost, normal purchase price Full call number Barcode Copy number Cost, replacement price Koha item type
      Non-fiction Tri Nagar Tri Nagar 20/05/2026 Delivery of Books Act Division 895.00 394.86954 DAL EN-132113 1 895.00 English Books

© Delhi Public Library
Hit Counter
free hit counter